Entre la autonomía y la subordinación: política exterior de los paises latinoamericanos /
Bewaard in:
| Hoofdauteur: | |
|---|---|
| Andere auteurs: | |
| Formaat: | Texto |
| Gepubliceerd in: |
Buenos Aires:
Grupo Editor Latinoamericano
|
| Tags: |
Voeg label toe
Geen labels, Wees de eerste die dit record labelt!
|
MARC
| LEADER | 00000 a a2200000 04500 | ||
|---|---|---|---|
| 001 | 24700 | ||
| 003 | |||
| 040 | |||
| 020 | |a 950-9432-01-6 | ||
| 090 | |a 177701 | ||
| 100 | |a Muñoz, Heraldo | ||
| 245 | |a Entre la autonomía y la subordinación: política exterior de los paises latinoamericanos / |c Heraldo Muñoz | ||
| 260 | |a Buenos Aires: |b Grupo Editor Latinoamericano | ||
| 300 | |a 516 p.; Tomo. 2 | ||
| 700 | |a Tulchin, Joseph S | ||
| 999 | |c 15270 |d 15270 | ||



